| 000 | 00000nam##2200000za#4500 |
| 001 | 9.632205 |
| 003 | CaOODSP |
| 005 | 20210624214707 |
| 007 | cr ||||||||||| |
| 008 | 150407|2005||||xxc|||||o f|0| 0 fre|d |
| 020 | |a0-662-70054-6 |
| 040 | |aCaOODSP|bfre |
| 043 | |an-cn--- |
| 086 | 1 |aHS28-34/2005F-PDF |
| 110 | 1 |aCanada.|bRessources humaines et Développement des compétences Canada. |bPolitique stratégique et planification. |
| 245 | 10|aExamen des ententes de développement des ressources humaines autochtones - synthèse des constatations : |h[ressource électronique]|brapport final / |c[par] Évaluation de programmes. |
| 260 | |aGatineau - Québec : |bRessources humaines et Développement des compétences Canada. |cDécembre 2004. |
| 300 | |a54p. |
| 590 | |a13-22-Supp|b2013-09-26 |
| 775 | 08|tReview of Aboriginal Human Resources Development Agreements - synthesis of findings : |w(CaOODSP)9.687762 |
| 856 | 40|ahttp://publications.gc.ca|qPDF|s179 Ko|uhttps://publications.gc.ca/collections/collection_2013/rhdcc-hrsdc/HS28-34-2005-fra.pdf |
| 986 | |aSP-AH-667-12-04F |